Представление документа в формате RUSMARC

ПолеНазваниеЗначение
  Тип записи a
  Библиографический уровень m
001 Контрольный номер 9d04f8a7b5e34dbcb081bdbf26caa740
005 Дата корректировки 20240312124531.3
010 Индекс ISBN __
a ISBN 978-5-4444-6576-9 (в пер.)
d Цена 380-67, 2500 экз.
100 Данные общей обработки __
a Данные общей обработки 19180716d2018||||||| 0rusy0189 ca
101 Язык документа 0_
a Язык текста rus
102 Страна публикации __
a Страна публикации ru
105 Кодированные данные (монография) __
a Кодированные данные (монография) #||||||||||zy
200 Заглавие и сведения об ответственности 1_
a Заглавие Путь диких гусей
e Сведения, относящиеся к заглавию [роман]
f Первые сведения об ответственности Вячеслав Софронов
b Общее обозначение материала Текст
210 Выходные данные 1_
a Место издания Москва
c Издательство Вече
d Дата издания 2018
215 Физическое описание __
a Объем 348, [3] с.
d Формат 21 см
225 Серия 2_
a Серия Сибириада. Собрание сочинений
330 Аннотация __
a Аннотация Широка, щедра и привольна Сибирская земля, неисчислимы и разнообразны ее дары. От века не знал этот край вкуса крови и запаха смерти, пока не явились с полуденной стороны сильные и жестокие степняки-сарты под предводительством молодого и честолюбивого хана Кучума, что буквально означает "пришлый". В противоборство с ним вступает тоже молодой и отважный хан сибирцев Едигир... Роман "Путь диких гусей" известного сибирского писателя Вячеслава Софронова является первой частью трилогии о Великом хане Кучуме, вписавшем в историю Сибири не одну яркую страницу.
333 Примечание о целевом назначении __
a Примечание о целевом назначении 12+. Для детей старше 12 лет
606 Тематические рубрики __
a Основная рубрика Художественная литература
606 Тематические рубрики __
a Основная рубрика Русская литература XX в. (произведения)
z Хронологическая подрубрика 16 в.
610 Ключевые слова 0_
a Ключевые слова романы
a Ключевые слова исторические романы
a Ключевые слова тема истории
a Ключевые слова тема освоения Сибири
a Ключевые слова тема приключений
a Ключевые слова тема Сибири
686 Индексы других классификаций __
2 Код системы rubbks
a Классификационный индекс 84(2=411.2)6-4; ст84(2Рос=Рус)6-4
700 Автор _1
a Фамилия Софронов
b Имя В. Ю.
g Полное личное имя Вячеслав Юрьевич
4 Код отношения 070
801 Источник записи _0
a Страна ru
b Организация Муниципальное бюджетное учреждение культуры "Централизованная библиотечная система" г. Сургут (Центральная городская библиотека им. А. С. Пушкина)
c Дата составления 20180716
g Правила каталогизации rpk
801 Источник записи _1
a Страна ru
b Организация Муниципальное бюджетное учреждение культуры "Централизованная библиотечная система" г. Сургут (Центральная городская библиотека им. А. С. Пушкина)
c Дата составления 20180716
g Правила каталогизации rpk
852 Данные о местонахождении __
j Шифр хранения 84(2=411.2)6-4
i Авторский знак С 68
901 Тип документа __
t Тип документа m
a Ответственный КиК/Котельникова
903 Характеристики (МАРС) __
a Дата передачи 20180716
990 Данные о заказе (DOS) __
j Количество экземпляров (DOS) 4
t N записи в КСУ для И/У (DOS) 201808